Записка наркома госбезопасности СССР В. Н. Меркулова в ЦК ВКП(б), НКИД СССР и НКВД СССР с приложением текста телеграммы посла Ве...

RUSMARC
00005348cbm0a2200337#x 450
001e9bfb2a0-b7ad-4acc-8afa-dc57452a9989
00520210603141333.0
100##$a20210402j19410509k###0rusy50 ca
1012#$arus
$ceng
102##$aRU
105##$ay###z########
1220#$ad19410509##
2001#$aЗаписка наркома госбезопасности СССР В. Н. Меркулова в ЦК ВКП(б), НКИД СССР и НКВД СССР с приложением текста телеграммы посла Великобритании в СССР С. Криппса в МИД Великобритании от 2 мая 1941 г. о новой пропагандистской линии Германии о невозможности войны с СССР до окончания кампании на Ближнем Востоке и в Египте
$j9 мая 1941 г.
251##$cДокумент
300##$aКопии
300##$aТекст телеграммы – перевод на русский язык, современный оригиналу
461#0$12001
$aФ. 3-ос.
$1251
$cФонд
$1852
$j3-ос.
462#0$12001
$aОп. 8
$1251
$cОпись
$1852
$j8
462#0$12001
$aД. 57
$vЛ. 1203-1205
$1251
$cДело
$1852
$j57
605##$2prlib_sh
$3LIBNET\UAF\0000088514
$aВторая мировая война в архивных документах (Комплекс оцифрованных архивных документов, кино- и фотоматериалов)
$lколлекция
6061#$2nlr_sh
$3RU\NLR\AUTH\66240701
$aВторая мировая война
$z1939 - 1945
$xВоенные операции немецкие
$yСеверная Африка
$jДокументы и материалы
6061#$2nlr_sh
$3RU\NLR\AUTH\661442657
$aВторая мировая война
$z1939 - 1945
$yБлижний Восток
$jДокументы и материалы
6061#$2prlib_sh
$3LIBNET\UAF\0000095581
$aСтратегические планы
$yГермания
$z1941
$jДокументы и материалы
617##$aГермания
$f1941
$2prlib_sh
686##$a63.3(4Гем)62-6ю11
$vLBC/M
$2rubbk
801#0$aRU
$bПБ им. Б.Н. Ельцина
$c20210402
801#1$aRU
$bПБ им. Б.Н. Ельцина
$c20210402
$2rusmarc
801#2$aRU
$bПБ им. Б.Н. Ельцина
$c20210603
$2rusmarc
850##$aЦентральный архив Федеральной службы безопасности России
852##$aЦА ФСБ России
$jЛ. 1203-1205
8564#$nПБ им. Б.Н. Ельцина
$uhttp://readingroom.main.prlib.ru/item.aspx?id_node=n161630670&mode=full
035##$aLIBNET\0001142303
937##$d161630670
$hФедеральное архивное агентство
Формат отображения